| Registos Bibliográficos associados ao registo de autoridade |
|
Etiqueta de registo: 00000nam 2200025 450 001 2284209 003 http://id.bnportugal.gov.pt/bib/catbnp/2284209 100 ## $a20260413d2025 k y0pory01030103ba 101 0# $aeng$dpor 102 ## $aPT 105 ## $aa m 000yy 106 ## $ar 200 1# $aDevelopment of an integrated system for newborn baby monitoring$fFernando Sacilotto Crivellaro$gadviser Pedro Manuel Cardoso Vieira, Anselmo Augusto Cardoso Quaresma da Costa 210 #9 $aLisboa$c[s.n.],$d2025 215 ## $aXVI f., 132 p.$cil.$d30 cm 328 #1 $aTese dout. Biomedical Engineering, Nova School of Science & Technology, Universidade
Nova de Lisboa, 2025 675 ## $a616-073(043)$vBN$zpor$31245821 675 ## $a616-053.2(043)$vBN$zpor$31225698 700 #1 $aCrivellaro,$bFernando Sacilotto$31995487 702 #1 $aVieira,$bPedro Manuel Cardoso$4727$31413197 702 #1 $aCosta,$bAnselmo Augusto Cardoso Quaresma da$4727$31995490 801 #0 $aPT$bBN$gRPC 966 ## $lBN$mFGMON$sS.A. 193835 V.$x1 971 ## $corlando$d20260413 972 ## $e0$z0$d20260518$vlrevez 973 ## $cigoulao$d20260514
|
|
|